000 00874nam a2200277Ia 4500
003 OSt
005 20221005043713.0
006 a|||||r|||| 00| 0
007 ta
008 221004b |||||||| |||| 00| 0 eng d
020 _a8182901235 (hbk)
_c595
024 _a87016
037 _b2011, 22/11/2007, The Book Seller
_cTextual
040 _aCRL
_cCRL
_beng
041 _2eng
_aeng
082 _aP28:3, 111P7
100 _aBahr - ul Uloom
_9591836
245 0 _aGrammar of Arabic language
260 _aGurgaon
_bShubhi Publications India
_c2007
300 _axviii, 263p.
_ccm.
650 _aLINGUISTICS
700 _a Obaidullah - el - Obaidi
_9591837
700 _a Suhrawardy
_9591838
942 _hP28:3, 111P7
_cTEXL
_2cc
999 _c952297
_d952297